| 000 | 00625 a2200145 4500 | ||
|---|---|---|---|
| 003 | Nust | ||
| 005 | 20221215130354.0 | ||
| 040 | _cNust | ||
| 082 | _a621.3822,TEL | ||
| 245 | _aTelecommunications DataBook / | ||
| 260 | _bNational Semiconductor Corporation | ||
| 505 | _aDigital Switching Components (Page-1), Telephone Set Components (Page-2), Modems (Page-3), Linear Building Blocks (Page-4), Fiber Optic Devices (Page-5), Microcontrollers and Peripherals (Page-6), Microprocessors and Peripherals (Page-7), Interface (Page,8), Physical Dimensions (Page-9). | ||
| 650 | _aTelecommunication engineering | ||
| 942 |
_2ddc _cBK |
||
| 999 |
_c189166 _d189166 |
||